Helsinki (Record no. 45489)

MARC details
000 -LEADER
fixed length control field 00512nam a2200157 a 4500
008 - FIXED-LENGTH DATA ELEMENTS--GENERAL INFORMATION
fixed length control field 120416s1973 ||||||||||||||||| || u
050 ## - LIBRARY OF CONGRESS CALL NUMBER
Classification number NA 1455.F5H459 Suo
100 ## - MAIN ENTRY--PERSONAL NAME
Personal name Suolanti, Eino E
245 10 - TITLE STATEMENT
Title Helsinki
246 ## - VARYING FORM OF TITLE
Title proper/short title a city in classic style
250 ## - EDITION STATEMENT
Edition statement 2nd ed.
260 ## - PUBLICATION, DISTRIBUTION, ETC.
Place of publication, distribution, etc. Helsinki
Name of publisher, distributor, etc. Otava
Date of publication, distribution, etc. 1973
300 ## - PHYSICAL DESCRIPTION
Extent 63p. : ill.
350 ## - PRICE (NR) (BK AM CF MU VM SE) [OBSOLETE]
Price 0.00
995 ## - RECOMMENDATION 995 [LOCAL, UNIMARC FRANCE]
-- 0.00
-- CBU-MAIN LIBRARY (Kitwe)
-- 1
-- 0.00
-- 1
-- DAMAGED
-- Main Library Open Access Collection
Holdings
Withdrawn status Lost status Source of classification or shelving scheme Damaged status Not for loan Home library Current library Shelving location Date acquired Total Checkouts Full call number Barcode Date last seen Price effective from Koha item type
          CBU-MAIN LIBRARY, KITWE. CBU-MAIN LIBRARY, KITWE.   11/30/2022   NA 1455.F5H459 Suo 010122 11/30/2022 11/30/2022 MONOGRAPH